| 000 | 00631nam a22002057a 4500 | ||
|---|---|---|---|
| 005 | 20260101120307.0 | ||
| 010 | _aENG-147381 | ||
| 020 |
_a9789364683586 _c450.00 |
||
| 035 | _aEN-130913 | ||
| 037 | _bDBAD | ||
| 082 |
_2000 _a1 |
||
| 100 |
_aAggarwal, R S _986167 |
||
| 245 |
_aAdvanced Objective General Knowledge 2025/ _cR S Aggarwal |
||
| 250 | _aRevised | ||
| 260 |
_aUttar Pradesh _bS. Chand Publishing _c2025 |
||
| 270 |
_aD-92, Sector-2, Noida _bUttar Pradesh _e201301 _k120-4682700 |
||
| 300 |
_avpp. _bill. _c27cm(pb) |
||
| 500 | _aFor All Competitive Examination | ||
| 942 |
_2ddc _cEN _mAGG _h000 |
||
| 999 |
_c213979 _d213979 |
||